=LDR 00000nam 2200000 4500 =001 INLIS000000000002578 =005 20130612090913 =008 ***********************************Ind** =035 ##$$0010-061300000002578 =041 ##$$a Ind =082 ##$$a 616.501 5 =090 ##$$a 616.501 5, Sir p =100 ##$$a Siregar,R.S =245 ##$$a Penyakit jamur kulit, R.S.Siregar =260 ##$$a 1991 $b Jakarta =300 ##$$a xi,52 hlm, ilus, 23 cm =650 ##$$a Dermatomikosa =850 ##$$a NBPNMAT =990 ##$$a 0001/BPAP-NTB/20142015 =990 ##$$a 0001/BPAP-NTB/20142015 =990 ##$$a 0001/BPAP-NTB/20142015 =990 ##$$a DW99007495 =990 ##$$a 0001/BPAP-NTB/20142015 =990 ##$$a 0001/BPAP-NTB/20142015 =990 ##$$a 0001/BPAP-NTB/20142015